01875 2200373 4500001002100000005001500021035002000036007000300056008004100059020001800100020001800118082001200136084001800148100003400166245007500200250002000275300003500295650001300330650001600343505088000359264004401239336002101283337003001304338002301334990001601357990001601373990001601389990001601405990001601421990001601437990001601453990001601469990001601485INLIS00000000000001520260417024641 a0010-0426000014ta260417 g 0 ind  a9786020461663 a9786020461670 a005.262 a005.262 JUB t aJubilee EnterpriseePengarang1 aTerampil tanpa kursus pemrograman VB6 dan VB net /cJubilee Enterprise acetakan pertama a170 halaman :bilustrasi ;c21 4aKomputer 4aPemrograman aVisual Basic 6 masih populer dan banyak digunakan oleh para programmer hingga hari ini. Sementara itu, VB•NET merupakan Visual Basic generasi baru yang berjalan di atas framework .NET. Jika Anda ingin mengenal atau menguasai kedua bahasa pemrograman itu, buku ini dapat menjadi pilihan yang tepat. Meskipun keduanya mirip, namun dengan membaca buku ini Anda bisa mengenal kelebihan dan kemudahan masing-masing versi Visual Basic tersebut. Pembahasan dimulai dari pengenalan Visual Basic 6 dan VB•NET, struktur pemrograman, pengenalan percabangan dan perulangan, penggunaan menu, dan contoh-contoh kode program yang dibuat baik menggunakan Visual Basic 6 maupun VB•NET. Para programmer pemula yang ingin mempelajari Visual Basic dari nol wajib membaca buku ini. Dikupas secara singkat, tepat, dan jelas serta dilengkapi dengan berbagai contoh kode program yang melimpah. aJakarta :bElex Media Komputindo,c2018 2rdacontentateks 2rdamediaatanpa perantara 2rdacarrieravolume aPP000024/19 aPP000025/19 aPP000363/19 aPP000364/19 aPP000365/19 aPP000366/19 aPP000367/19 aPP000368/19 aPP000369/19